Visualizzazione normale
Vista MARC
- Moreschini G., Barbero Avanzini B., Matteini M., Donati P., Bentivogli F., Formenti M.T., Tettamanzi D., Costa F., Tagliaferri F
di Personal Name
Records bibliografici associati: 1
001 - CONTROL NUMBER
- control field: 59656
003 - CONTROL NUMBER IDENTIFIER
- control field:
005 - DATE AND TIME OF LATEST TRANSACTION
- control field: 20230309155917.0
008 - FIXED-LENGTH DATA ELEMENTS
- fixed length control field: 230309|| aca||aabn | a|a d
040 ## - CATALOGING SOURCE
- Original cataloging agency:
- Transcribing agency:
100 ## - HEADING--PERSONAL NAME
- Personal name: Moreschini G., Barbero Avanzini B., Matteini M., Donati P., Bentivogli F., Formenti M.T., Tettamanzi D., Costa F., Tagliaferri F
670 ## - SOURCE DATA FOUND
- Source citation: Work cat.: ()215002: Ufficio nazionale per la pastorale della famiglia (a cura di) 59655, Famiglie a servizio della vita, 1991